[Event "Floripa Chess Open 2024"]
[Site "Florianopolis"]
[Date "2024.01.24"]
[Round "6.195"]
[White "Gorgen, Antonio Rebello Hor"]
[Black "Vaz, Pedro Henrique Lins"]
[Result "1-0"]
[WhiteElo "1793"]
[BlackElo "1359"]
[PlyCount "100"]
[EventDate "2024.01.20"]
[EventRounds "10"]
[EventCountry "BRA"]

1. d4 d5 2. c4 Bf5 3. Qb3 Nc6 ({RR} 3... dxc4 4. Qxb7 Nd7 5. Nc3 Rb8 6. Qc6 Rb6
7. Qxc4 Ngf6 8. Nf3 e6 9. e3 Qb8 10. Be2 Rb4 11. Qc6 Rb6 12. Qc4 Rb4 13. Qa6
Rb6 14. Qa4 Rb4 15. Qa5 c6 16. a3 Rb7 17. Ba6 Rc7 18. O-O {Forintos,G (2410)
-Sahovic,D (2450) Reykjavik 1982 1-0}) ({RR} 3... dxc4 4. Qxb7 Nd7 5. Nc3 Rb8
6. Qxa7 Ngf6 7. Nf3 e6 8. e3 Bb4 9. Bd2 O-O 10. Qa4 Be7 11. Bc1 Nd5 12. a3 Ra8
13. Qd1 N7f6 14. Bxc4 Nxc3 15. bxc3 Ne4 16. Bd3 Nxc3 17. Qc2 Bxd3 18. Qxd3 {
Bozinovic,B (2217)-Krsnik Cohar,I (2340) Mali Losinj CRO 2019 1/2-1/2 (79)}) 4.
cxd5 Nxd4 $146 ({RR} 4... Na5 5. Qb5+ c6 6. dxc6 bxc6 7. Qxf5 {1-0 (7) Meis,C 
(1995)-Frenzel,S (1735) Leverkusen 1997}) ({RR} 4... Na5 5. Qb5+ c6 6. dxc6
Nxc6 7. Qxf5 Nxd4 8. Qd3 Qb6 9. e3 Rc8 10. Nc3 Nc6 11. Nf3 e6 12. a3 a6 13. g3
Nf6 14. Bg2 Be7 15. O-O O-O 16. Qb1 Na5 17. Nd4 e5 18. Nf5 Rfe8 19. Nxe7+ {
Shitsuka,R-Spinola,L Santos 2000 1-0 (33)}) ({RR} 4... Na5 5. Qb5+ c6 6. dxc6
Nxc6 7. Qxf5 Nxd4 8. Qd3 Qa5+ 9. Bd2 Qc5 10. Na3 Rd8 11. Nf3 Nxf3+ 12. Qxf3 e6
13. Qc3 Qb6 14. Qb3 Qd6 15. Bc3 Nf6 16. e4 Nd7 17. Bb5 a6 18. Bxd7+ Qxd7 19.
Rd1 {Fedder,S (2400)-Ozaki,Y Buenos Aires 1978 1-0}) 5. Qa4+ c6 6. Qxd4 Qxd5 7.
Qxd5 cxd5 8. e3 Rc8 9. Bb5+ Kd8 10. Ne2 a6 11. Ba4 b5 12. Bd1 Nf6 13. Nd2 e6
14. Nd4 Bg6 15. N2f3 Bd6 16. Bd2 Ne4 17. Rc1 Nc5 18. O-O Ke7 19. Be2 Rc7 20. b4
Ne4 21. Rxc7+ Bxc7 22. Rd1 Bd6 23. Nh4 Kd7 24. Be1 Rc8 25. Nxg6 hxg6 26. g3 e5
27. Bg4+ f5 28. Nxf5 gxf5 29. Bxf5+ Kd8 30. Bxc8 Kxc8 31. Rxd5 Kc7 32. f4 Nf6
33. Rd1 Nd7 34. a3 Nb6 35. Bd2 Nc4 36. Bc1 a5 37. bxa5 Nxa5 38. fxe5 Be7 39. e6
Bd6 40. Bb2 Nc4 41. Bxg7 Nxe3 42. Rc1+ Kb7 43. Rb1 Kc6 44. Bc3 Nd5 45. Bb4 Nxb4
46. axb4 Be7 47. Kf2 Kd5 48. h4 Kxe6 49. Re1+ Kf6 50. Rxe7 Kxe7 1-0

[Event "Floripa Chess Open 2024"]
[Site "Florianopolis"]
[Date "2024.01.24"]
[Round "6.196"]
[White "Simoncini, Luana Felipe"]
[Black "Nazario Sebastiao, Mariani"]
[Result "0-1"]
[WhiteElo "1772"]
[BlackElo "1530"]
[PlyCount "82"]
[EventDate "2024.01.20"]
[EventRounds "10"]
[EventCountry "BRA"]

1. d4 Nf6 2. c4 e6 3. Nc3 d5 4. Bg5 Be7 5. e3 Nbd7 6. Nf3 O-O 7. Be2 c5 8. dxc5
({RR} 8. cxd5 exd5 9. O-O b6 10. Rc1 Bb7 11. Ne5 Rc8 12. Nxd7 Qxd7 13. Bxf6
gxf6 14. Bd3 c4 15. Bb1 Kg7 16. Qh5 h6 17. Bf5 Qc6 18. Bxc8 Rxc8 19. Ne2 Bd6
20. Ng3 Bxg3 21. fxg3 Qe6 22. Qf3 Re8 {Maia de Meneses,L-Orlandi Neto,A (1798)
Fortaleza 2017 1-0 (63)}) 8... dxc4 9. Bxc4 Bxc5 10. O-O a6 $146 ({RR} 10...
Be7 11. Qc2 Qc7 12. Bd3 g6 13. Ne4 Qd8 14. Rfd1 Nxe4 15. Bxe7 Qxe7 16. Bxe4 Nc5
17. Rac1 Nd7 18. Qc7 Rb8 19. Ne5 Rd8 20. Nxd7 Bxd7 21. Bxb7 Qe8 22. h3 a5 23.
Rd2 Ba4 24. Rxd8 Qxd8 25. Qxd8+ {Bolivar Baron,V-Ovide,V Asturias 1992 1-0 (48)
}) 11. Rc1 Be7 12. Qc2 b5 13. Bb3 Bb7 14. Nd4 Nc5 15. Rfd1 Qb6 16. a3 Nxb3 17.
Qxb3 h6 18. Bh4 g5 19. Bg3 Nh5 20. Be5 Bf6 21. Bxf6 Nxf6 22. Na4 Qa5 23. Nc5
Bd5 24. Qc3 Qb6 25. Nxb5 e5 26. e4 Bxe4 27. Rd6 Qxb5 28. Rxf6 Bg6 29. Qxe5 Rfe8
30. Qc3 Rac8 31. b4 a5 32. Qb3 Rxc5 33. Rxg6+ Kf8 34. Rd1 fxg6 35. Qb2 Rcc8 36.
Qd2 Qd5 37. g3 Qxd2 38. Rxd2 axb4 39. axb4 Rc4 40. Rd6 Kf7 41. Rc6 Rxb4 0-1

[Event "Floripa Chess Open 2024"]
[Site "Florianopolis"]
[Date "2024.01.24"]
[Round "6.198"]
[White "Costa Neto, Luis Antonio"]
[Black "Lisboa, Maria Eduarda Mazza"]
[Result "0-1"]
[WhiteElo "1415"]
[BlackElo "1081"]
[PlyCount "70"]
[EventDate "2024.01.20"]
[EventRounds "10"]
[EventCountry "BRA"]

1. e4 d5 2. exd5 Qxd5 3. Nc3 Qa5 4. Nf3 Nf6 5. Bc4 Bf5 6. O-O e6 7. a3 c6 8. d3
Be7 9. Bd2 Qc7 10. Nh4 $146 ({RR} 10. Re1 O-O 11. Ne4 Nbd7 12. Ng3 Bg6 13. Qc1
h6 14. Bf4 Bd6 15. Bxd6 Qxd6 16. Ne4 Qc7 17. Nxf6+ Nxf6 18. Qd2 Rad8 19. c3 b5
20. Bb3 Bxd3 21. Qe3 Ng4 22. Qc5 Bh7 23. h3 Nf6 24. Rad1 Ne4 {Stolarova,I  
(1236)-Machovcakova,E (1427) Liptovsky Mikulas 2017 1/2-1/2 (55)}) 10... Bg6
11. Re1 Nbd7 12. g3 O-O-O 13. Nxg6 hxg6 14. d4 Nb6 15. Qe2 Rxd4 16. Bxe6+ fxe6
17. Qxe6+ Qd7 18. Bg5 Qxe6 19. Rxe6 Kd7 20. Rae1 Bd8 21. Bf4 Re8 22. Rxe8 Nxe8
23. Ne4 Rd5 24. b4 Be7 25. Nc3 Rf5 26. Bb8 a5 27. bxa5 Rxa5 28. Bf4 Rxa3 29.
Rd1+ Kc8 30. Ne4 Nd5 31. Bc1 Ra1 32. c4 Ndf6 33. Nc3 Ba3 34. Ne2 Bxc1 35. f3
Be3+ 0-1

[Event "Floripa Chess Open 2024"]
[Site "Florianopolis"]
[Date "2024.01.24"]
[Round "6.199"]
[White "Abdalla, Umar Mohammad"]
[Black "Ruvieri, Valter"]
[Result "1-0"]
[WhiteElo "1354"]
[BlackElo "1067"]
[PlyCount "68"]
[EventDate "2024.01.20"]
[EventRounds "10"]
[EventCountry "BRA"]

1. d4 Nf6 2. c4 e6 3. Nc3 Bb4 4. Qc2 h6 5. Nf3 ({RR} 5. a3 Bxc3+ 6. Qxc3 Nc6 7.
f3 d5 8. e3 O-O 9. Nh3 Re8 10. Nf2 e5 11. dxe5 Rxe5 12. cxd5 Nxd5 13. Qd3 Nxe3
14. Qxd8+ Nxd8 15. Bxe3 Rxe3+ 16. Kd2 Re7 17. Bd3 Ne6 18. Rhe1 Bd7 19. Rad1 Ba4
{Papasimakopoulos,A (2259)-Motylev,A (2633) Katowice POL 2021 0-1 (82)}) ({RR} 
5. e4 d5 6. cxd5 exd5 7. e5 Ne4 8. Bd3 c5 9. Nge2 cxd4 10. Nxd4 O-O 11. O-O
Nxc3 12. bxc3 Bc5 13. Be3 Qe7 14. Rae1 Nc6 15. Nxc6 bxc6 16. Bxc5 Qxc5 17. Re3
Re8 18. Rfe1 a5 19. Qd2 Ra7 {Quinn,J (2077)-Wegerer,F (2101) Struga MKD 2023 1/
2-1/2 (35)}) 5... c5 6. dxc5 $146 ({RR} 6. e3 b6 7. dxc5 bxc5 8. Be2 O-O 9. O-O
Bxc3 10. Qxc3 Ne4 11. Qc2 f5 12. Nd2 Bb7 13. Bf3 Nc6 14. Nxe4 fxe4 15. Bxe4 d5
16. cxd5 exd5 17. Rd1 Nb4 18. Qe2 Qh4 19. Bf3 Ba6 20. Qd2 Rxf3 {Lombaers,P  
(2097)-Bosboom,M (2399) Amsterdam 2011 0-1}) 6... Nc6 7. a3 Bxc5 8. b4 Nd4 9.
Nxd4 Bxd4 10. Bb2 a6 11. e3 Ba7 12. Bd3 O-O 13. O-O-O Ng4 14. h3 Bxe3+ 15. fxe3
Nxe3 16. Qd2 Nxd1 17. Rxd1 Qg5 18. Ne4 Qxd2+ 19. Rxd2 f5 20. Nd6 b6 21. Be2 Ra7
22. Bd4 Ra8 23. Bxb6 Rb8 24. Bc7 Ra8 25. Bf3 a5 26. Bxa8 axb4 27. axb4 Ba6 28.
Bf3 g5 29. b5 Bc8 30. Nxc8 Rxc8 31. Rxd7 f4 32. Rd8+ Rxd8 33. Bxd8 Kf7 34. Bh5+
Kg7 1-0

[Event "Floripa Chess Open 2024"]
[Site "Florianopolis"]
[Date "2024.01.24"]
[Round "6.200"]
[White "Nunes, Lilia"]
[Black "De Lima, Ismael Do Prado Nog"]
[Result "1-0"]
[WhiteElo "1325"]
[BlackElo "1043"]
[PlyCount "61"]
[EventDate "2024.01.20"]
[EventRounds "10"]
[EventCountry "BRA"]

1. c4 e5 2. Nc3 Nf6 3. d3 Nc6 4. g3 Bc5 5. Bg2 d6 6. Nf3 Be6 7. O-O h6 8. Bd2
O-O 9. a3 Qd7 10. b4 Bd4 $146 ({RR} 10... Bb6 11. Na4 a6 12. Nxb6 cxb6 13. Be3
Qc7 14. Nd2 Nd7 15. Ne4 f5 16. Nc3 Kh8 17. Nd5 Bxd5 18. Bxd5 Rae8 19. Qc2 Ne7
20. Bg2 d5 21. Rac1 d4 22. Bd2 {1/2-1/2 (22) Gornik,J-Janezic,E Rogaska
Slatina 2009}) 11. Rb1 a6 12. Nxd4 exd4 13. Nd5 Bxd5 14. cxd5 Ne7 15. Qb3 Qf5
16. e4 dxe3 17. fxe3 Qd7 18. Rbe1 c6 19. dxc6 bxc6 20. e4 Qe6 21. Qb2 Ng6 22.
Bc3 Ne5 23. Qc2 c5 24. Rf5 Rac8 25. bxc5 g6 26. Rff1 dxc5 27. Qd2 Nfd7 28. Qxh6
f5 29. Rxf5 Rxf5 30. exf5 Qxf5 31. Bd5+ 1-0

[Event "Floripa Chess Open 2024"]
[Site "Florianopolis"]
[Date "2024.01.24"]
[Round "6.201"]
[White "Bida, Jose Mateus"]
[Black "Damasio, Fabio Ferreira"]
[Result "1-0"]
[WhiteElo "1800"]
[BlackElo "1296"]
[PlyCount "77"]
[EventDate "2024.01.20"]
[EventRounds "10"]
[EventCountry "BRA"]

1. d4 Nf6 2. c4 e6 3. Nf3 c6 4. Nc3 ({RR} 4. g3 Be7 5. Bg2 b6 6. Nbd2 Ba6 7. b3
Ne4 8. Bb2 d5 9. O-O f5 10. Rc1 Nd7 11. Ne1 O-O {1/2-1/2 (11) Pinter,J (2535)
-Sulskis,S (2537) Barcelona 2007}) 4... Bb4 5. Qc2 ({RR} 5. Bd2 d6 6. Qc2 d5 7.
e3 Nbd7 8. Rd1 O-O 9. Ng5 h6 10. h4 Re8 11. Nf3 e5 12. dxe5 Nxe5 13. Nxe5 Rxe5
14. cxd5 cxd5 15. Qb3 Ba5 16. Bd3 d4 17. Ne2 dxe3 18. Bc3 exf2+ 19. Kf1 Qe8 {
MACHONA TICHAONA-Sauti Harry (1693) Belgrade SRB 2023 1/2-1/2 (46)}) 5... O-O
6. e4 Bxc3+ $146 ({RR} 6... d5 7. e5 Ne4 8. Bd3 f5 9. exf6 Nxf6 10. O-O a6 11.
Bg5 Bd6 12. Bxh7+ Kh8 13. Bg6 Bd7 14. Ne5 Be8 15. Bxe8 Rxe8 16. Nf7+ Kg8 17.
Nxd8 Rxd8 18. Bxf6 gxf6 19. Qg6+ {1-0 (19) Horak,M (2330)-Cella,G (1961) chess.
com INT 2020}) ({RR} 6... d5 7. e5 Ne4 8. Bd3 f5 9. exf6 Nxf6 10. O-O a6 11.
Bg5 Bd6 12. Bxh7+ Kh8 13. Bg6 Bd7 14. Ne5 Be8 15. Bxe8 Rxe8 16. Nf7+ Kg8 17.
Nxd8 Rxd8 18. Bxf6 gxf6 19. Qg6+ {1-0 (19) Horak,M (2330)-Cella,G (1961) chess.
com INT 2020}) 7. bxc3 Qc7 8. Bd3 g6 9. Bg5 Ne8 10. Be7 d5 11. Bxf8 dxe4 12.
Bxe4 Kxf8 13. O-O Nf6 14. Rfe1 Nbd7 15. Ne5 Nxe5 16. dxe5 Ng4 17. f4 Qe7 18. h3
Nh6 19. Qd3 Kg7 20. g3 Bd7 21. Qd6 Qxd6 22. exd6 f5 23. Bf3 b6 24. c5 Nf7 25.
cxb6 axb6 26. Rab1 b5 27. c4 Nxd6 28. cxb5 Ra3 29. b6 Bc8 30. Kg2 Rc3 31. Rb2
Kf6 32. Kf2 Ke7 33. a4 Nc4 34. Rbe2 Na5 35. Ra1 Nb3 36. Rd1 Nc5 37. Ra2 Nd3+
38. Kg2 Nb4 39. Rad2 1-0

[Event "Floripa Chess Open 2024"]
[Site "Florianopolis"]
[Date "2024.01.24"]
[Round "6.203"]
[White "Buffon, Maria Ivy Segalin"]
[Black "Da Rosa, Pauline Cardoso"]
[Result "1-0"]
[WhiteElo "1254"]
[BlackElo "1800"]
[PlyCount "73"]
[EventDate "2024.01.20"]
[EventRounds "10"]
[EventCountry "BRA"]

1. e4 c6 2. d4 d5 3. exd5 cxd5 4. c4 Nf6 5. Nc3 e6 6. Nf3 Nc6 7. Be2 Bb4 8. O-O
O-O 9. Bg5 Re8 ({RR} 9... Be7 10. Rc1 h6 11. Bh4 Ne4 12. Bxe7 Qxe7 13. cxd5
Nxc3 14. Rxc3 exd5 15. Bb5 Bd7 16. Bxc6 Bxc6 17. Re1 Qb4 18. Qb3 Qxb3 19. Rxb3
Rfe8 20. Rxe8+ Rxe8 21. Re3 Rxe3 22. fxe3 f6 23. Kf2 Kf7 {1/2-1/2 (23) Topak,E
(2230)-Mirzoev,A (2555) Ankara 2010}) ({RR} 9... Be7 10. h3 b6 11. Rc1 dxc4 12.
Bxc4 Bb7 13. Re1 Nb4 14. Ne5 h6 15. Bh4 Nbd5 16. Bg3 Rc8 17. Bd3 Nxc3 18. Rxc3
Qd5 19. Nf3 Rxc3 20. bxc3 Qxa2 21. Bb1 Qd5 22. Qd3 Rc8 23. Rc1 b5 24. Qd2 {
Samaganova,A (1993)-Makhija,A (1969) chess.com INT 2021 0-1 (44)}) 10. Ne5 Be7
11. Nxc6 $146 ({RR} 11. Qc2 Nxd4 12. Qd1 Nxe2+ 13. Qxe2 Qc7 14. Rad1 dxc4 15.
Nxc4 Bd7 16. Ne5 Rad8 17. Rc1 Qa5 18. Rfd1 Nd5 19. Bxe7 Nxc3 20. Rxc3 Rxe7 21.
Ra3 Qb6 22. Nc4 Bb5 23. Rxd8+ Qxd8 24. Rxa7 Bxc4 25. Qxc4 Qd1+ {Almeida,
S-Fernandes,Y Blumenau 2010 1/2-1/2 (69)}) 11... bxc6 12. Na4 Nd7 13. Be3 Ba6
14. cxd5 Bxe2 15. Qxe2 cxd5 16. Nc5 Nxc5 17. dxc5 d4 18. Rfd1 Bxc5 19. Qc4 Qb6
20. Bxd4 Bxd4 21. Qxd4 Qxd4 22. Rxd4 Red8 23. Rad1 Rxd4 24. Rxd4 Kf8 25. Rd7
Rc8 26. g3 Rc2 27. Rxa7 Rxb2 28. a4 Rb1+ 29. Kg2 g5 30. a5 Ke8 31. a6 Kd8 32.
Rxf7 h6 33. a7 Ra1 34. Rf8+ Kc7 35. a8=Q Rxa8 36. Rxa8 Kd6 37. Rh8 1-0

[Event "Floripa Chess Open 2024"]
[Site "Florianopolis"]
[Date "2024.01.24"]
[Round "6.204"]
[White "Born, Ary"]
[Black "De Andrade, Arthur Batuli"]
[Result "1-0"]
[WhiteElo "1249"]
[BlackElo "1800"]
[PlyCount "53"]
[EventDate "2024.01.20"]
[EventRounds "10"]
[EventCountry "BRA"]

1. d4 d5 2. Nf3 Nc6 3. Bf4 Nf6 4. c3 a6 ({RR} 4... g6 5. h3 Bf5 6. e3 a6 7.
Nbd2 Bg7 8. Be2 O-O 9. O-O Ne4 10. Nh4 Nxd2 11. Qxd2 Be4 12. Nf3 Qd7 13. Rac1
Rfe8 14. c4 dxc4 15. Bxc4 Bxf3 16. gxf3 e5 17. Bg3 exd4 18. Rfd1 Qxh3 19. Bf1 {
Berdichevski,I (2555)-Bareev,E (2701) Internet 2006 0-1 (35)}) ({RR} 4... g5 5.
Nxg5 e6 6. e3 Bh6 7. Bd3 Bxg5 8. Bxg5 Nh5 9. Bxd8 Kxd8 10. Qxh5 Rg8 11. g3 f6
12. Qxh7 e5 13. Qxg8+ Kd7 14. Bf5+ Ke7 15. Bxc8 Nb8 16. Bxb7 Na6 17. Bxa8 exd4
18. cxd4 c6 19. Bxc6 {Frieders,A-R,S Tornelo INT 2021 1-0}) 5. Nbd2 Bg4 6. e3
e6 7. Be2 $146 ({RR} 7. Bd3 Bd6 8. Bg5 Be7 9. Qc2 h6 10. Bh4 Nd7 11. Bxe7 Qxe7
12. h3 Bxf3 13. Nxf3 O-O 14. O-O e5 15. e4 dxe4 16. Bxe4 Nd8 17. Rfe1 f6 18.
Nh4 Qf7 19. Bh7+ Kh8 20. Ng6+ Kxh7 21. Nxe5+ {1-0 (21) Menendez Villar,
S-Cabezas Tocino,V Aviles 2002}) ({RR} 7. Qb3 Rb8 8. Ne5 Nxe5 9. Bxe5 Bd6 10.
Bxf6 gxf6 11. e4 Bf4 12. f3 Bxd2+ 13. Kxd2 Bh5 14. Bd3 Bg6 15. exd5 Qxd5 16.
Qxd5 exd5 17. Rae1+ Kd7 18. Re2 Rbe8 19. Rhe1 Rxe2+ 20. Rxe2 Re8 21. Rxe8 Kxe8
{Weerts,R (1651)-Heinen,D (1501) Maastricht 2011 1-0 (47)}) 7... Bd6 8. Bg3 O-O
9. Qc2 Re8 10. O-O-O Bf5 11. Bd3 Bxd3 12. Qxd3 e5 13. Qf5 Ne7 14. Qc2 Ng6 15.
h4 e4 16. Ne5 Nxe5 17. dxe5 Bxe5 18. Nf1 Bxg3 19. Nxg3 b5 20. Qe2 Re5 21. h5 h6
22. Rh4 c5 23. f4 exf3 24. Qxf3 Qe7 25. Kb1 Rxe3 26. Nf5 Qe5 27. Qg4 1-0

[Event "Floripa Chess Open 2024"]
[Site "Florianopolis"]
[Date "2024.01.24"]
[Round "6.205"]
[White "De Oliveira Fernandes, Luis Felipe Araujo"]
[Black "Scardini, Leonardo"]
[Result "1/2-1/2"]
[WhiteElo "1800"]
[BlackElo "1246"]
[PlyCount "53"]
[EventDate "2024.01.20"]
[EventRounds "10"]
[EventCountry "BRA"]

1. c4 c5 2. Nf3 Nc6 3. g3 g6 4. Bg2 Bg7 5. O-O e5 6. Nc3 Nge7 7. d3 d6 8. Bd2
O-O 9. a3 a6 ({RR} 9... h6 10. Rb1 Be6 11. b4 b6 12. b5 Nd4 13. Ne1 Rc8 14. e3
Ndf5 15. a4 g5 16. Nc2 Ng6 17. e4 Nfe7 18. Ne3 f5 19. exf5 Nxf5 20. Nxf5 Bxf5
21. Qe2 Qd7 22. Be4 Ne7 23. Bxf5 Nxf5 24. Qg4 {Madaminov,M (2430)-Sharipov,D  
(2297) Tashkent UZB 2023 1-0 (55)}) 10. h3 $146 ({RR} 10. Rb1 Rb8 11. b4 cxb4
12. axb4 b5 13. c5 dxc5 14. bxc5 h6 15. Qc2 Be6 16. Ne4 Nf5 17. e3 a5 18. h3
Bd5 19. Nc3 Bxf3 20. Bxf3 Nb4 21. Rxb4 axb4 22. Nd5 Ne7 23. Nxb4 Qd7 24. Bg2
Qe6 {Korobov,A (2411)-Izoria,Z (2372) Moscow 2000 1-0 (47)}) ({RR} 10. Ne1 Rb8
11. Nc2 b5 12. cxb5 axb5 13. b4 Be6 14. bxc5 dxc5 15. Rb1 c4 16. Nxb5 cxd3 17.
exd3 Ba2 18. Rb2 Bd5 19. Bxd5 Qxd5 20. a4 Rfd8 21. Nb4 Nxb4 22. Bxb4 Nc6 23.
Bc3 Qxd3 24. Qxd3 Rxd3 {Amin,B (2637)-Ghaem Maghami,E (2556) Dubai 2014 1/2-1/
2 (44)}) ({RR} 10. b4 cxb4 11. axb4 Nxb4 12. Qb3 Nbc6 13. Be3 Nd4 14. Bxd4 exd4
15. Na4 Nc6 16. Nd2 Qc7 17. Qb6 Qxb6 18. Nxb6 Ra7 19. Ne4 Bg4 20. f3 Be6 21.
Nxd6 Rd8 22. Ne4 Bf8 23. Rfb1 Be7 24. f4 h6 {Dzubasz,T (2155)-Krebs,D (2005)
Bad Bertrich 2003 1/2-1/2 (66)}) ({RR} 10. Ne1 Rb8 11. Nc2 b5 12. cxb5 axb5 13.
Ne3 Be6 14. Ned5 Nxd5 15. Nxd5 Ne7 16. e4 Nxd5 17. exd5 Bf5 18. Qe2 Qd7 19.
Rac1 Ra8 20. Be3 Rfe8 21. Be4 Bxe4 22. dxe4 Ra4 23. Bd2 f5 24. f3 Rf8 {Collins,
S (2431)-Palliser,R (2435) England 2009 1/2-1/2}) 10... Be6 11. Ng5 Bd7 12.
Nge4 Qc7 13. Qc1 Rfd8 14. Bg5 Be6 15. Nf6+ Kh8 16. Nfd5 Qd7 17. Nb6 Qe8 18.
Nxa8 Rxa8 19. Bxe7 Qxe7 20. Rb1 Rb8 21. b4 Nd4 22. Qd1 b6 23. e4 Qb7 24. Kh2 h5
25. Ne2 f5 26. f4 fxe4 27. Bxe4 1/2-1/2

[Event "Floripa Chess Open 2024"]
[Site "Florianopolis"]
[Date "2024.01.24"]
[Round "6.206"]
[White "Vieira, Luiza Lessing"]
[Black "Friedrich, Augusto Johannpeter"]
[Result "1-0"]
[WhiteElo "1239"]
[BlackElo "1800"]
[PlyCount "45"]
[EventDate "2024.01.20"]
[EventRounds "10"]
[EventCountry "BRA"]

1. d4 Nf6 2. c4 g6 3. f3 d5 4. cxd5 Nxd5 5. e4 Nb6 6. Nc3 ({RR} 6. Be3 Bg7 7.
Qd2 O-O 8. f4 Nc6 9. Nf3 Bg4 10. d5 Bxf3 11. gxf3 Nb8 12. h4 c6 13. h5 cxd5 14.
hxg6 fxg6 15. Qh2 h6 16. Rg1 d4 17. Bd2 Qd6 18. Bd3 g5 19. e5 Qe6 20. Rxg5 N8d7
{Postny,E (2641)-Tseitlin,M (2349) Beersheba 2014 1-0}) 6... Nc6 ({RR} 6... Bg7
) 7. d5 Ne5 8. Bf4 $146 ({RR} 8. f4 Ng4 9. Nf3 Nf6 10. Be3 Bg7 11. Bd4 O-O 12.
Qd2 e6 13. dxe6 Bxe6 14. O-O-O Ng4 15. Bxg7 Qxd2+ 16. Rxd2 Kxg7 17. Bd3 Rfd8
18. Re1 Bc4 19. Bxc4 Nxc4 20. Rxd8 Rxd8 {1/2-1/2 (20) Biedermann,S (1795)
-Malanowski,L (1847) Curitiba 2013}) 8... Bg7 9. Qc2 a6 10. O-O-O O-O 11. g4 h6
12. h4 a5 13. Kb1 Qe8 14. Nb5 Qd7 15. Nxc7 Rb8 16. Nb5 Ra8 17. Qc5 Na4 18. Qc2
Nb6 19. Be3 Nxd5 20. Rxd5 Qc6 21. Bd4 Be6 22. Rc5 Qd6 23. Nxd6 1-0

[Event "Floripa Chess Open 2024"]
[Site "Florianopolis"]
[Date "2024.01.24"]
[Round "6.207"]
[White "Vaz, Vania Dora Madona"]
[Black "Oga, Dora Mantelle"]
[Result "1-0"]
[WhiteElo "1236"]
[BlackElo "1800"]
[PlyCount "49"]
[EventDate "2024.01.20"]
[EventRounds "10"]
[EventCountry "BRA"]

1. e4 c5 2. c3 Nf6 3. e5 Nd5 4. d4 e6 5. Nf3 Nc6 6. Be2 ({RR} 6. Qe2 f5 7. g3
Nde7 8. Nbd2 Ng6 9. Nc4 Qc7 10. Nd6+ Qxd6 11. Qb5 Ncxe5 12. Nxe5 Qxe5+ {
1-0 (12) Deviatkin,A (2528)-Zezulkin,J (2494) Warsaw 2005}) 6... Be7 ({RR} 6...
d6 7. exd6 Bxd6 8. O-O O-O 9. Re1 cxd4 10. cxd4 a6 11. Nc3 Nce7 12. Bg5 f6 13.
Bh4 Qb6 14. Rb1 Nf5 15. Bg3 Bxg3 16. hxg3 Rd8 17. Nxd5 Rxd5 18. Bc4 Rd8 19. d5
exd5 20. Bxd5+ Kh8 21. Qb3 {Saraci,K (2180)-Roose,C (1776) Pula (Sardinia) ITA
2023 1-0}) 7. O-O O-O 8. a3 $146 ({RR} 8. Nbd2 a6 9. Bc4 Nb6 10. Bb3 Na5 11.
Bc2 c4 12. Ne4 Nd5 13. Neg5 g6 14. Ne4 b5 15. Bh6 Re8 16. Nfg5 f5 17. Qf3 Nb7
18. g4 Bf8 19. Bxf8 Rxf8 20. Qh3 Qe7 21. Nf6+ Nxf6 22. exf6 Rxf6 {Chassaing,M 
(1440)-Maruejols,P (1710) Cholet 2009 0-1}) ({RR} 8. Bc4 Nc7 9. Re1 cxd4 10.
cxd4 d5 11. Bb3 b5 12. a3 a5 13. Be3 Ba6 14. Kh1 f5 15. Qc1 Qe8 16. Bf4 Bb7 17.
Nbd2 Rc8 18. Nf1 Na8 19. Qe3 Nb6 20. h3 a4 21. Ba2 Na5 22. N1d2 Qh5 {
Lazniewska,Z (1237)-Oztuksavul,I (1370) Kouty nad Desnou 2017 0-1 (47)}) 8...
f6 9. c4 Nc7 10. d5 exd5 11. cxd5 d6 12. dxc6 bxc6 13. exd6 Bxd6 14. Be3 Nd5
15. Bc4 Be6 16. Re1 Kh8 17. Nbd2 Nxe3 18. Rxe3 Bg4 19. h3 Bh5 20. Qc2 f5 21.
Rae1 f4 22. Rd3 Qc7 23. Ng5 Bg6 24. Nde4 Rad8 25. Qd2 1-0

[Event "Floripa Chess Open 2024"]
[Site "Florianopolis"]
[Date "2024.01.24"]
[Round "6.208"]
[White "Wathier, Natalia"]
[Black "Leite, Lucas Bueno De Oliv"]
[Result "1-0"]
[WhiteElo "1800"]
[BlackElo "1227"]
[PlyCount "75"]
[EventDate "2024.01.20"]
[EventRounds "10"]
[EventCountry "BRA"]

1. d4 d5 2. Bf4 Nf6 3. Nf3 c5 4. c3 Nc6 5. e3 Bg4 6. h3 Bh5 7. g4 ({RR} 7. Bd3
e6 8. Nbd2 Bd6 9. Bg5 h6 10. Bh4 g5 11. Bg3 Bxg3 12. fxg3 g4 13. hxg4 Bxg4 14.
Qc2 Qd6 15. Nf1 c4 16. Be2 Ne4 17. Rh4 Bf5 18. g4 Bg6 19. Qc1 e5 20. Bd1 O-O-O
21. Bc2 exd4 {Ning,D (1498)-Zhou,Y (1819) Hefei CHN 2023 0-1 (39)}) 7... Bg6 8.
Bd3 $146 ({RR} 8. Ne5 e6 9. Nd2 Nxe5 10. Bxe5 Bd6 11. Bb5+ Kf8 12. Bxd6+ Qxd6
13. Nf3 Be4 14. Be2 g6 15. O-O Bxf3 16. Bxf3 Kg7 17. Bg2 h6 18. f4 b5 19. dxc5
Qxc5 20. Qd4 Rhc8 21. g5 Qxd4 22. exd4 Nh5 {Antonio,J (2277)-Gharibyan,M (2480)
chess.com INT 2022 0-1 (37)}) ({RR} 8. dxc5 Bxb1 9. Rxb1 Ne4 10. Bb5 Nxc5 11.
O-O e6 12. b4 Ne4 13. Qa4 Qb6 14. Rbc1 Rc8 15. c4 a6 16. Bxc6+ bxc6 17. cxd5
exd5 18. Ne5 Qb5 19. Qxb5 axb5 20. Nxc6 Nd2 21. Rfd1 {1-0 (21) Kalabic,F (2142)
-Jahnz,F (2193) Germany 2008}) ({RR} 8. dxc5 h5 9. g5 Nd7 10. b4 e5 11. Bh2 d4
12. exd4 exd4 13. Nxd4 Be7 14. Nxc6 bxc6 15. Bg2 Qc8 16. O-O O-O 17. h4 a5 18.
Re1 Re8 19. Bh3 Ra7 20. Nd2 axb4 21. cxb4 Qa8 22. Nc4 {1-0 (22) Hayrapetyan,H 
(2481)-Agasarov,B (2225) Yerevan ARM 2022}) 8... Bxd3 9. Qxd3 e6 10. dxc5 a5
11. Nbd2 Nd7 12. e4 Nxc5 13. Qe3 dxe4 14. Nxe4 Nd3+ 15. Kf1 Be7 16. Rd1 Qd5 17.
Rxd3 Qb5 18. Bd6 Rd8 19. Qe2 f5 20. Bxe7 Qxd3 21. Bxd8 fxe4 22. Qxd3 exd3 23.
Bh4 O-O 24. Kg1 e5 25. b4 axb4 26. cxb4 e4 27. Nd2 Nxb4 28. Be7 e3 29. Bxf8 e2
30. Bxb4 Kf7 31. Nf3 Ke6 32. Ng5+ Kd5 33. Nxh7 Kc4 34. a3 Kb3 35. Kg2 Kc2 36.
Kf3 g6 37. h4 Kb3 38. Ke3 1-0

[Event "Floripa Chess Open 2024"]
[Site "Florianopolis"]
[Date "2024.01.24"]
[Round "6.209"]
[White "Santos, Nathaly Camily Ferr"]
[Black "Viana, Amanda Thamy Koto"]
[Result "0-1"]
[WhiteElo "1167"]
[BlackElo "1800"]
[PlyCount "80"]
[EventDate "2024.01.20"]
[EventRounds "10"]
[EventCountry "BRA"]

1. e4 c5 2. Nf3 Nc6 3. d4 cxd4 4. Nxd4 Nf6 5. Nc3 e5 6. Nb3 Bb4 7. Bg5 O-O ({RR
} 7... Bxc3+ 8. bxc3 d6 9. Qd3 O-O 10. Be2 Be6 11. Rd1 Rc8 12. O-O Na5 13. Nxa5
Qxa5 14. Bxf6 gxf6 15. Qg3+ Kh8 16. Qh4 Kg7 17. Rd3 Rxc3 18. Qg3+ {1-0 (18)
Sakov,A (2275)-Kochetov,D (2100) Moscow 1996}) 8. a3 ({RR} 8. Bd3 h6 9. Bh4 Be7
10. O-O d6 11. h3 Be6 12. f4 d5 13. f5 dxe4 14. Bxf6 Bxf6 15. Nxe4 Bd5 16. Qg4
Nb4 17. Nxf6+ Qxf6 18. Qxb4 h5 19. Nd2 a5 20. Qc5 Rfd8 21. Qe3 h4 22. Ne4 Qe7 {
Dong,A-Zhang,K chess.com INT 2020 1-0 (32)}) 8... Bxc3+ 9. bxc3 Qe7 $146 ({RR} 
9... h6 10. Bh4 g5 11. Bg3 Nxe4 12. Qf3 Nf6 13. Bd3 e4 14. Qf5 d5 15. Bc7 Qe7 {
0-1 (15) Nytrova,A-Balkova,A Frydek Mistek 2002}) ({RR} 9... h6 10. Bxf6 Qxf6
11. Bc4 d6 12. Bd5 Ne7 13. c4 Ng6 14. g3 a5 15. h3 a4 16. Nc1 Ra7 17. Nd3 Be6
18. Rb1 Bxd5 19. cxd5 Rc8 20. O-O Rc3 21. Ra1 Qd8 22. Qd2 Qc8 23. Nb4 Qc5 24.
Kg2 {Ramirez Rus,E-Lizon Castell,J Alicante 2003 0-1}) ({RR} 9... d6 10. f3 Be6
11. c4 h6 12. Bh4 g5 13. Bf2 Ne7 14. Bd3 b6 15. Qe2 Ng6 16. Be3 Rc8 17. g4 Rc6
18. h4 Nxh4 19. Nd2 Kg7 20. Rxh4 gxh4 21. Qh2 Nh7 22. Kf2 Qf6 23. Rg1 Ng5 24.
Ke2 {Dinc,Z-Akyildiz,A (1581) Manavgat 2015 1/2-1/2 (56)}) 10. Bc4 d6 11. O-O
Be6 12. Bd5 Bxd5 13. exd5 Nb8 14. Qf3 Nbd7 15. Rfe1 h6 16. Bxf6 Nxf6 17. Nd4
Qd7 18. Nb3 Rac8 19. Nd2 Qa4 20. Ra2 Rc7 21. c4 Rfc8 22. Qb3 Qd7 23. Qe3 b5 24.
cxb5 Rxc2 25. Rxc2 Rxc2 26. Qd3 Qc7 27. Ne4 Nxe4 28. Qxe4 Qc5 29. Qe3 Qxb5 30.
Qxa7 Qxd5 31. Qb8+ Kh7 32. Qb1 Qd2 33. Rf1 g6 34. Qd1 Qxd1 35. Rxd1 d5 36. Kf1
d4 37. Ke1 Ra2 38. Rd3 Kg7 39. g3 f5 40. Rd2 Rxa3 0-1